000
00273nam a22001217a 4500
008
171021b xxu||||| |||| 00| 0 eng d
041
_a
eng
080
_a
658
100
_a
54
101
_a
LID
245
_a
THEMOS FOR MANAGEMENT LEADERSHIP
_c
HAYES, J.L
942
_2
udc
_c
BK
999
_c
35288
_d
35288